Eliminácia rizík a zlepšenie úrovne bezpečnosti práce v priemyselných skladoch
Saved in:
| Main Author: | |
|---|---|
| Other Authors: | |
| Format: | Manuscript Book |
| Language: | Slovak |
| Published: |
2018
|
| Subjects: | |
| Online Access: | http://is.stuba.sk/zp/portal_zp.pl?podrobnosti=132063 |
| Tags: |
No Tags, Be the first to tag this record!
|
MARC
| LEADER | 00000ntm a22000003a 4500 | ||
|---|---|---|---|
| 001 | stuzp69498 | ||
| 003 | SK-STU | ||
| 005 | 20180820161513.7 | ||
| 007 | ta | ||
| 008 | 150427s2015----xo-----f-mn---000-0-slo-d | ||
| 040 | |a STU |b slo | ||
| 041 | 0 | |a slo | |
| 100 | 1 | |a Anina, Tomáš |u 065000 |4 aut |U MTF Materiálovotechnologická fakulta |T MTF Ústav integrovanej bezpečnosti |X 80147 |U M5000 |Y 85 |7 80147 | |
| 242 | 0 | 1 | |a Elimination of risks and improvement of the level of work safety in industrial warehouses |y eng |
| 245 | 1 | 0 | |a Eliminácia rizík a zlepšenie úrovne bezpečnosti práce v priemyselných skladoch |
| 260 | |c 2018 | ||
| 650 | 4 | |a analýza rizík |2 slo | |
| 650 | 4 | |a nebezpečenstvo |2 slo | |
| 650 | 4 | |a priemyselné sklady |2 slo | |
| 650 | 4 | |a risk analysis |2 eng | |
| 650 | 4 | |a danger |2 eng | |
| 650 | 4 | |a industrial warehouses |2 eng | |
| 700 | 1 | |a Čekan, Pavol |u 065200 |k Z1 |4 ths |U MTF Ústav integrovanej bezpečnosti |T MTF Katedra bezpečnostného inžinierstva |X 66185 |U M5200 |Y 192 |7 A000066185 | |
| 856 | 4 | |u http://is.stuba.sk/zp/portal_zp.pl?podrobnosti=132063 | |
| 996 | |c M* BP-8237 |l MMSKP |s P |a 0 |w stuzp69498_0001 | ||